Mots de la langue française terminés par "iche" - Statistiques

Statistiques générales
  • Ce quiz a été pris 293 fois
  • Le résultat moyen est 15 sur 29
Statistiques - réponses
Indice Mot % Correct
abri canin niche
95%
cervidé biche
89%
chien caniche
86%
pain miche
86%
terrain abandonné friche
82%
aisé riche
81%
pays européen Autriche
80%
annonce affiche
79%
tarte quiche
76%
bateau péniche
69%
jeune jument pouliche
69%
panier à huîtres bourriche
58%
tromperie (familier) triche
57%
papier fiche
55%
sauce gribiche
52%
dent (argot) ratiche
44%
photo cliché
42%
grand vase potiche
36%
bouc barbiche
35%
amulette fétiche
33%
escarpement corniche
31%
factice postiche
31%
moitié d'un alexandrin hémistiche
28%
maladroit godiche
27%
céphalopode seiche
27%
cigarette cibiche
26%
agréable fraîche
19%
oiseau : pic .... épeiche
18%
appât aiche
12%
Aucun quiz correspondant
Distribution des résultats
% des personnes avec chaque résultat
Percentile par nombre de réponses
Votre historique - résultats
Vous n’avez pas pris ce quiz